000 00604nam a2200193Ia 4500
005 20230628114025.0
008 131103s9999 xx 000 0 und d
040 _aLoreto College
041 _aEnglish
082 _a942.062
_bPAR
245 _aThe English civil war and after, 1642 - 1658
_cedited by R.H.Parry; [contributed by] Robert Ashton ... [et al.]
260 _aLondon
_bMacmillan
_c1970
300 _aviii,127 p.
504 _aIncludes bibliographical references and index
650 _aCivil War,1642 - 1649
651 _aEngland - History,1642 - 1649
850 _aLCLIB
942 _cBK
999 _c8466
_d58945